000 00208nam a2200085Ia 4500
245 0 _aSharp beats
100 _a BARKER, Dominic London, 2009
942 _cBK
008 210817s9999 xx 000 0 und d
999 _c305073
_d305072